000 00669nam a2200181Ia 4500
999 _c39533
_d39533
001 6130
003 GE_BSU
005 20191118122906.0
008 181216s2007||||ge |||||||||||||| ||geo||
040 _cGE_BSU
041 _ageo
080 _a811.353.1'282 ა-97
245 _aაჭარული დიალექტის დარგობრივი ლექსიკა IX.
264 _aბათუმი :
_bბათუმის უნივერსიტეტი,
_c2007.
300 _a150 გვ. ;
_c21 სმ.
653 _aაჭარული დიალექტის დარგობრივი ლექსიკა
942 _cBK
_2udc